000 00662nam a2200229Ia 4500
003 OSt
005 20220926010049.0
006 a|||||r|||| 00| 0
007 ta
008 220923b |||||||| |||| 00| 0 eng d
037 _cGeneral Book
040 _aRTL
_cRTL
_beng
041 _2eng
_aeng
082 _aT4.281.N83-N82r, M4
110 _aUNIVERSITY OF DELHI
245 0 _aSixteenth annual report from 1 Jan.1982to 31 March 1983
260 _a New Delhi
_bUniversity of
_c1984
300 _axxxii, various page
_ccm.
700 _aUNIVERSITY OF DELHI
942 _hT4.281.N83-N82r, M4
_cGB
_2CC
999 _c616324
_d616324